<?xml version="1.0" encoding="UTF-8"?>
<record
    xmlns:xsi="http://www.w3.org/2001/XMLSchema-instance"
    xsi:schemaLocation="http://www.loc.gov/MARC21/slim http://www.loc.gov/standards/marcxml/schema/MARC21slim.xsd"
    xmlns="http://www.loc.gov/MARC21/slim">

  <leader>02978nam a2200361 a 4500</leader>
  <controlfield tag="001">30314</controlfield>
  <controlfield tag="003">BD-RjUL</controlfield>
  <controlfield tag="005">20211209051538.0</controlfield>
  <controlfield tag="008">140409r20121998ii ab    b    00100 eng d</controlfield>
  <datafield tag="020" ind1=" " ind2=" ">
    <subfield code="a">019564459X</subfield>
  </datafield>
  <datafield tag="020" ind1=" " ind2=" ">
    <subfield code="a">9780195644593</subfield>
  </datafield>
  <datafield tag="035" ind1=" " ind2=" ">
    <subfield code="a">(BD-RjUL)30399</subfield>
  </datafield>
  <datafield tag="040" ind1=" " ind2=" ">
    <subfield code="a">DLC</subfield>
    <subfield code="b">eng</subfield>
    <subfield code="c">DLC</subfield>
    <subfield code="d">BD-RjUL</subfield>
  </datafield>
  <datafield tag="041" ind1=" " ind2=" ">
    <subfield code="a">eng</subfield>
  </datafield>
  <datafield tag="082" ind1="0" ind2="0">
    <subfield code="a">338.954</subfield>
    <subfield code="2">21</subfield>
    <subfield code="b">IND 2012</subfield>
  </datafield>
  <datafield tag="245" ind1="0" ind2="0">
    <subfield code="a">Indian development :</subfield>
    <subfield code="b">selected regional perspectives /</subfield>
    <subfield code="c">editors, Jean Dreze and Amartya Sen.</subfield>
  </datafield>
  <datafield tag="260" ind1=" " ind2=" ">
    <subfield code="a">Delhi ;</subfield>
    <subfield code="a">New York :</subfield>
    <subfield code="b">Oxford University Press,</subfield>
    <subfield code="c">1998 [Impression 2012].</subfield>
  </datafield>
  <datafield tag="300" ind1=" " ind2=" ">
    <subfield code="a">xx, 420 p. :</subfield>
    <subfield code="b">ill. ;</subfield>
    <subfield code="c">22 cm.</subfield>
  </datafield>
  <datafield tag="490" ind1="1" ind2=" ">
    <subfield code="a">UNU/WIDER studies in development economics</subfield>
  </datafield>
  <datafield tag="500" ind1=" " ind2=" ">
    <subfield code="a">"A study prepared for the World Institute for Development Economics Research of the United Nations University (UNU/WIDER)."</subfield>
  </datafield>
  <datafield tag="504" ind1=" " ind2=" ">
    <subfield code="a">Includes bibliographical references (p. 398-406) and indexes.</subfield>
  </datafield>
  <datafield tag="505" ind1="0" ind2=" ">
    <subfield code="a">1. Radical Needs and Moderate Reforms / Amartya Sen. 1. Ends, Means and Practical Reason. 2. Regional Diversities and Contrasts. 3. Intrinsic Value and Instrumental Role of Human Capabilities. 4. On Learning from Others and from India. 5. Counterproductive Regulations and Necessary Reforms. 6. India and China: Comparisons and Contrasts. 7. India's Educational Backwardness and Lessons of Kerala. 8. The Economic Handicap of Educational Backwardness. 9. The Role of Pre-reform China in its Post-reform Success. 10. Economic Development through Social Opportunity. 11. The Need for a Bigger Departure -- 2. Uttar Pradesh: The Burden of Inertia /Jean Dreze and Haris Gazdar. 1. Introduction. 2. Living Conditions in Uttar Pradesh. 3. Schooling in Uttar Pradesh: A Field Investigation. 4. Public Policy and Schooling Decisions. 5. The Burden of Inertia. 6. Concluding Remarks -- 3. Agrarian Politics and Rural Development in West Bengal / Sunil Sengupta and Haris Gazdar.</subfield>
  </datafield>
  <datafield tag="505" ind1="8" ind2=" ">
    <subfield code="a">1. Why Look at Rural West Bengal? 2. Political Economy of the Reform Programme. 3. Impact on Livelihoods. 4. Change and Stagnation. 5. Beyond the Agrarian Agenda -- 4. On Kerala's Development Achievements / V. K. Ramachandran. 1. Introduction. 2. Background. 3. Kerala's Health Achievements. 4. Literacy in Kerala. 5. Aspects of Caste and Gender Relations in Kerala. 6. Agrarian Change. 7. Agents of Change. 8. Conclusions -- 5. Mortality, Fertility and Gender Bias in India: A District-level Analysis / Mamta Murthi, Anne-Catherine Guio and Jean Dreze. 1. Introduction. 2. Issues and Hypotheses. 3. Data and Estimation. 4. Basic Results. 5. Further Results and Extensions. 6. Discussion.</subfield>
  </datafield>
  <datafield tag="650" ind1=" " ind2="0">
    <subfield code="a">India</subfield>
    <subfield code="x">Economic conditions</subfield>
    <subfield code="y">1947-</subfield>
    <subfield code="9">92150</subfield>
  </datafield>
  <datafield tag="650" ind1=" " ind2="0">
    <subfield code="a">India</subfield>
    <subfield code="x">Social conditions,</subfield>
    <subfield code="y">1947-</subfield>
    <subfield code="9">92151</subfield>
  </datafield>
  <datafield tag="700" ind1="1" ind2=" ">
    <subfield code="a">Dreze, Jean.</subfield>
    <subfield code="9">80677</subfield>
  </datafield>
  <datafield tag="700" ind1="1" ind2=" ">
    <subfield code="a">Sen, Amartya,</subfield>
    <subfield code="d">1933-</subfield>
    <subfield code="9">5662</subfield>
  </datafield>
  <datafield tag="710" ind1="2" ind2=" ">
    <subfield code="a">World Institute for Development Economics Research.</subfield>
    <subfield code="9">92152</subfield>
  </datafield>
  <datafield tag="830" ind1=" " ind2="0">
    <subfield code="a">Studies in development economics</subfield>
    <subfield code="9">92155</subfield>
  </datafield>
  <datafield tag="942" ind1=" " ind2=" ">
    <subfield code="2">ddc</subfield>
    <subfield code="c">BK</subfield>
  </datafield>
  <datafield tag="999" ind1=" " ind2=" ">
    <subfield code="c">30314</subfield>
    <subfield code="d">30314</subfield>
  </datafield>
  <datafield tag="952" ind1=" " ind2=" ">
    <subfield code="0">0</subfield>
    <subfield code="1">0</subfield>
    <subfield code="2">ddc</subfield>
    <subfield code="4">0</subfield>
    <subfield code="7">1</subfield>
    <subfield code="8">NFIC</subfield>
    <subfield code="a">RUCL</subfield>
    <subfield code="b">RUCL</subfield>
    <subfield code="c">Reading</subfield>
    <subfield code="d">2014-03-29</subfield>
    <subfield code="e">Dhaka, Trim Education</subfield>
    <subfield code="g">703.00</subfield>
    <subfield code="l">0</subfield>
    <subfield code="o">338.954 IND 2012</subfield>
    <subfield code="r">2014-04-09 00:00:00</subfield>
    <subfield code="t">C-1</subfield>
    <subfield code="w">2014-04-09</subfield>
    <subfield code="y">BK</subfield>
  </datafield>
</record>
